「ニコニコ動画流星群」の曲目 - Statistics

General Stats
  • This quiz has been taken 98 times
  • The average score is 18 of 48
Answer Stats
Hint Answer % Correct
00 時報
72%
06 nowhere
72%
46 レッツゴー!陰陽師
66%
21 you
64%
05 激突!グルメレース
62%
02 寝・逃・げでリセット!
60%
25 Dr.WILY STAGE 1
60%
01 STAR RISE
60%
07 チーターマンのテーマ
58%
10 男女
57%
16 エアーマンが倒せない
57%
09 バラライカ
55%
22 魔理沙は大変なものを盗んでいきました
55%
04 caramelldansen
55%
28 God knows…
55%
17 メルト
53%
27 ハレ晴レユカイ
53%
45 みくみくにしてあげる♪
53%
40 エージェント夜を往く
51%
34 Help me,ERINNNNNN!!
51%
18 だんご大家族
43%
23 U.N.オーエンは彼女なのか?
43%
42 true my heart
42%
12 i'm lovin' it
40%
24 お嫁にしなさいっ!
38%
44 YATTA!
36%
20 雪、無音、窓辺にて。
34%
08 Ievan Polkka
34%
33 患部で止まってすぐ溶ける〜狂気の優曇華院
30%
15 未来への咆哮
25%
29 JOINT
25%
03 ハナマル☆センセイション
23%
19 風の憧憬
23%
26 (åh) När ni tar saken i egna händer
23%
36 Little Busters!
23%
41 ネイティブフェイス
21%
37 1000%SPARKING!
17%
43 ケロ⑨destiny
17%
39 あいつこそがテニスの王子様
15%
14 クリアまでは眠らない!
13%
32 パーフェクトスター・パーフェクトスタイル
13%
38 勇気VS意地
13%
11 モンタギュー家とキャピュレット家
11%
30 解読不能
11%
47 G線上のアリア
11%
31 The happy escapism song
8%
13 The Last Wolf Suite 〜志々雄真実の組曲〜
6%
35 千年幻想郷 〜 History of the moon
4%
No matching quizzes found
Score Distribution
Percent of People with Each Score
Percentile by Number Answered
Your Score History
You have not taken this quiz